[Event "Dreamfort Strongbow op 2nd"]
[Site "Dreamfort"]
[Date "2017.07.29"]
[Round "3"]
[White "Amponsah, Michael Obeng"]
[Black "Gardesey, Marc"]
[Result "1-0"]
[WhiteElo "1587"]
[BlackElo "1458"]
[PlyCount "93"]
[EventDate "2017.07.28"]
[EventType "swiss"]
[EventRounds "7"]
[EventCountry "GHA"]
[SourceTitle "EXT 2018"]
[Source "ChessBase"]
[SourceDate "2017.10.13"]
[SourceVersion "1"]
[SourceVersionDate "2017.10.13"]
[SourceQuality "1"]

1. d4 Nf6 2. Bg5 e6 3. c4 Be7 4. Nc3 c6 5. Nf3 h6 6. Bf4 a6 7. c5 Qa5 8. Qa4 Qxa4 9. Nxa4 0-0 10. Nb6 Nd5 11. Bg3 Nxb6 12. cxb6 d5 13. a4 a5 14. e3 Nd7 15. Bc7 c5 16. Bb5 cxd4 17. exd4 Bb4+ 18. Ke2 Nf6 19. h3 Bd7 20. Bd3 Rac8 21. b3 Bc6 22. Ne5 Ne8 23. Nxc6 Nxc7 24. Nxb4 axb4 25. bxc7 Rxc7 26. Rac1 Rc3 27. Rxc3 bxc3 28. Bc2 f6 29. Kd3 Rc8 30. f3 e5 31. b4 Rc4 32. b5 exd4 33. a5 Kf7 34. a6 bxa6 35. bxa6 Rc8 36. a7 Ra8 37. Kxd4 Ke6 38. g4 Kd6 39. Kxc3 Kc6 40. Kd4 Kb7 41. Kxd5 Rd8+ 42. Ke4 g6 43. Kf4 Rd4+ 44. Kg3 Ka8 45. Be4+ Rxe4 46. fxe4 g5 47. h4 1-0